书目信息 |
| 题名: |
李斯特钢琴全集
|
|
| 作者: | 李斯特 曲 ;伽托尼 , 塞兰尼 , 周薇 编订 | |
| 分册: | 系列一 匈牙利狂想曲 | |
| 出版信息: | 上海 上海音乐出版社 2007 |
|
| 页数: | 159页 | |
| 开本: | 31cm | |
| 丛书名: | ||
| 单 册: | ||
| 中图分类: | J657.411(515) | |
| 科图分类: | ||
| 主题词: | 钢琴谱--匈牙利--近代--选集 , 钢琴谱--狂想曲--匈牙利--近代--选集 , 钢琴谱 , 狂想曲 | |
| 电子资源: | ||
| ISBN: | 978-7-80751-026-0 | |
| 000 | 01313ncm0 2200337 450 | |
| 001 | 003496660 | |
| 005 | 20100325104742.45 | |
| 010 | @a978-7-80751-026-0@dCNY42.00 | |
| 100 | @a20070402d2007 em y0chiy0110 ea | |
| 101 | 1 | @achi@chun |
| 102 | @aCN@b310000 | |
| 105 | @ag z 000yy | |
| 106 | @ar | |
| 200 | 1 | @a李斯特钢琴全集@9li si te gang qin quan ji@h系列一@h第四分册@i匈牙利狂想曲@h2@f佐尔坦·伽托尼(Zoltán Gárdonyi),伊斯特凡·塞兰尼(István Szelényi)编订@g周薇翻译 |
| 210 | @a上海@c上海音乐出版社@d2007 | |
| 215 | @a159页@d31cm | |
| 306 | @a匈牙利布达佩斯音乐出版社提供版权 | |
| 312 | @a版权页题名:李斯特钢琴全集·匈牙利狂想曲 2 | |
| 330 | @a李斯特的全部音乐作品呈现于世,它能够同时满足音乐学和演奏实践方面的需求,其中内容是匈牙利狂想曲第十首到第十九首。 | |
| 517 | 1 | @a李斯特钢琴全集·匈牙利狂想曲 2 |
| 606 | 0 | @a钢琴谱@y匈牙利@z近代@j选集 |
| 606 | 0 | @a钢琴谱@x狂想曲@y匈牙利@z近代@j选集 |
| 606 | 0 | @a钢琴谱 |
| 606 | 0 | @a狂想曲 |
| 690 | @aJ657.411(515)@v4 | |
| 701 | 0 | @c(匈)@a李斯特@9li si te@c(Franz Liszt@f1811~1886)@4曲 |
| 702 | 0 | @c(匈)@a伽托尼@9jia tuo ni@c(Gardonyi, Zoltan)@4编订 |
| 702 | 0 | @c(匈)@a塞兰尼@9sai lan ni@c(Szelenyi, Istvan)@4编订 |
| 702 | 0 | @a周薇@9zhou wei@c(音乐)@4翻译 |
| 801 | 0 | @aCN@bNLC@c20100325 |
| 905 | @b799397-99@dJ657.411(515)@e534@f3 | |
| 李斯特钢琴全集.系列一.第四分册.匈牙利狂想曲.2/佐尔坦·伽托尼(Zoltán Gárdonyi),伊斯特凡·塞兰尼(István Szelényi)编订/周薇翻译.-上海:上海音乐出版社,2007 |
| 159页;31cm |
| ISBN 978-7-80751-026-0:CNY42.00 |
| 李斯特的全部音乐作品呈现于世,它能够同时满足音乐学和演奏实践方面的需求,其中内容是匈牙利狂想曲第十首到第十九首。 |
| ● |
| 相关链接 |
|
|
|
|
正题名:李斯特钢琴全集
索取号:J657.411(515)/534
 
预约/预借
| 序号 | 登录号 | 条形码 | 馆藏地/架位号 | 状态 | 备注 |
| 1 | 799397 | 207993974 | 第一样本阅览室/ [索取号:J657.411(515)/534] | 在馆 | |
| 2 | 799398 | 207993983 | 第一借阅区/ [索取号:J657.411(515)/534] | 在馆 | |
| 3 | 799399 | 207993992 | 第一借阅区/ [索取号:J657.411(515)/534] | 在馆 |